00977nam a2200289 i 45000010005000000030009000050050017000140080039000310150017000700400041000870460009001280800017001372450083001542500040002372600055002773000034003323800017003663880014003835040034003976580028004316550013004596500017004727000024004897000036005137100041005498560097005908874KOSZ 00520200102143921.0070719s1970 pl a f f 001 0 pol aPB 1970/7383 aWA NcWA NdKOSZ 005/RWdKOSZ 005/HR k1970 a621.791/.79500aPoradnik spawalniczy /c[aut. Jan Angres et al. ; koord. Stanisław Rudowski]. aWyd. 3 popr., uzup. i uaktualnione. aWarszawa :bWydawnictwa Naukowo-Techniczne,c1970. a1139, [4] s. :bil. ;c18 cm. aKsiążki. a1901-2000 aBibliogr. przy rozdz. Indeks. aInżynieria i technika 4aPoradnik 4aSpawalnictwo1 aAngres, Jan.eAutor1 aRudowski, Stanisław.eRedakcja2 aWydawnictwa Naukowo-Techniczne4pbl. uhttp://koha.tu.koszalin.pl/cgi-bin/koha/opac-detail.pl?biblionumber=8874yKatalog online BPK